Top 20 Languages Spoken in the World - Statistics

General Stats
  • This quiz has been taken 319 times
    318 since last reset
  • The average score is 14 of 20
Answer Stats
Hint Answer % Correct
3 English
100%
2 Spanish
100%
18 French
97%
1 Mandarin
96%
5 Arabic
93%
11 German
92%
8 Russian
92%
4 Hindi
88%
6 Portuguese
88%
9 Japanese
86%
17 Korean
73%
7 Bengali
62%
16 Vietnamese
60%
14 Malay/Indonesian
51%
20 Tamil
48%
10 Punjabi
45%
13 Wu (Shanghainese)
32%
19 Marathi
30%
12 Javanese
29%
15 Telugu
29%
No matching quizzes found
Score Distribution
Percent of People with Each Score
Percentile by Number Answered
Your Score History
You have not taken this quiz since the last reset